Cinquenta + 10 anos de história do Tribunal de Contas do Estado de Mato Grosso : (Record no. 5)

MARC details
000 -LÍDER
Campo Fixo de Controle 01046cam a2200253 a 4500
001 - NÚMERO DE CONTROLE
Campo de Controle 5
003 - IDENTIFICAÇÃO DO NÚMERO DE CONTROLE
Campo de Controle BR-CuiBMT
005 - DATA E HORA DA ÚLTIMA ATUALIZAÇÃO
Campo de Controle 20231129071214.0
008 - DADOS FIXOS
Dados Fixos 230710s2013 mtba 000 0 por d
020 ## - INTERNATIONAL STANDARD BOOK NUMBER
Nº do ISBN 9788580090703
040 ## - AGÊNCIA CATALOGADORA
Código da Agência Catalogadora BR-CuiBMT
Agência que transcreveu o registro BR-CuiBMT
080 ## - Nº DA CLASSIFICAÇÃO DECIMAL UNIVERSAL
Nº edição CDU 2007
Nº Class. CDU 351.94:336.148
Subd. Auxiliar Comum (817.2)
-- (091)
090 ## - NÚMERO DE CHAMADA
Nº classificação 351.94:336.148(817.2)(091)
Cutter C575
245 00 - TÍTULO PRINCIPAL
Título principal Cinquenta + 10 anos de história do Tribunal de Contas do Estado de Mato Grosso :
Subtítulo 1953 - 2013 /
Indicação de responsabilidade Neila Maria de Souza Barreto, organizadora.
246 12 - FORMAS VARIANTES DO TÍTULO
Título principal 50 + 10 anos :
Subtítulo de história do Tribunal de Contas do Estado de Mato Grosso : 1953 - 2013.
260 ## - PUBLICAÇÃO, DISTRIBUIÇÃO, ETC.
Local de publicação Cuiabá :
Editora Carlini & Caniato,
Data 2013.
300 ## - DESCRIÇÃO FÍSICA
N. páginas ou volumes 344 p. :
Ilustrações il. color. ;
Dimensões 29 cm
504 ## - NOTA DE BIBLIOGRAFIA, ETC.
Nota de bibliografia Inclui bibliografia.
650 ## - ASSUNTO TÓPICO
Cabeçalho tópico ou nome geográfico Tribunal de Contas
Subdivisão geográfica Mato Grosso
Subdivisão geral História
650 ## - ASSUNTO TÓPICO
Cabeçalho tópico ou nome geográfico Tribunal de Contas
Subdivisão geográfica Mato Grosso
700 1# - ENTRADA SECUNDÁRIA -- NOME PESSOAL
Nome pessoal Barreto, Neila Maria Souza
Cód. do termo explicativo org.
856 4# - LOCALIZAÇÃO E ACESSO ELETRÔNICO
Endereço eletrônico (URI) <a href="https://www.tce.mt.gov.br/uploads/flipbook/50-10Anos_1953-2013/index.html">https://www.tce.mt.gov.br/uploads/flipbook/50-10Anos_1953-2013/index.html</a>
Texto do link Disponível também online.
Localização e acesso eletrônico 27/09/2023
942 ## - ELEMENTOS DE ENTRADA ADICIONAIS (KOHA)
Fonte de classificação ou esquema de arquivamento Classificação Decimal Universal
Tipo de item do Koha Livros
Holdings
Estado: removido Estado: perdido Fonte de classificação ou esquema de arquivamento Estado: danificado Indisponível para empréstimo Localização permanente Localização atual Data de aquisição Fonte de aquisição Total Checkouts Número de Chamada completo Código de barras Date last seen Número do exemplar Preço efetivo a partir de Tipo de item (Koha)
    Classificação Decimal Universal     Biblioteca da Escola Superior de Contas do TCE/MT Biblioteca da Escola Superior de Contas do TCE/MT 26/09/2023 Doação   351.94:336.148(817.2)(091) C575 BIBTCEMT23070005 11/07/2023 Ex. 1 26/09/2023 Livros
    Classificação Decimal Universal     Biblioteca da Escola Superior de Contas do TCE/MT Biblioteca da Escola Superior de Contas do TCE/MT 27/09/2023 Doação   351.94:336.148(817.2)(091) C575 BIBTCEMT23090079 27/09/2023 Ex. 2 27/09/2023 Livros
    Classificação Decimal Universal     Biblioteca da Escola Superior de Contas do TCE/MT Biblioteca da Escola Superior de Contas do TCE/MT 27/09/2023 Doação   351.94:336.148(817.2)(091) C575 BIBTCEMT23090081 27/09/2023 Ex. 3 27/09/2023 Livros
    Classificação Decimal Universal     Biblioteca da Escola Superior de Contas do TCE/MT Biblioteca da Escola Superior de Contas do TCE/MT 27/09/2023 Doação   351.94:336.148(817.2)(091) C575 BIBTCEMT23090082 27/09/2023 Ex. 4 27/09/2023 Livros
    Classificação Decimal Universal     Biblioteca da Escola Superior de Contas do TCE/MT Biblioteca da Escola Superior de Contas do TCE/MT 27/09/2023 Doação   351.94:336.148(817.2)(091) C575 BIBTCEMT23090083 27/09/2023 Ex. 5 27/09/2023 Livros

Powered by Koha